| 000 | 00731nam a2200193 a 4500 | ||
|---|---|---|---|
| 001 | BRCA_1388 | ||
| 005 | 20190320203414.0 | ||
| 008 | 730104s1970 mx-#---###---#000-0#spa-# | ||
| 050 | 4 |
_aF1233 _b.Q63 _c1970 |
|
| 100 | 1 |
_aQuirarte, Martín _94539 |
|
| 245 | 1 | 0 |
_aHistoriografía sobre el imperio de Maximiliano _cMartín Quirarte. |
| 260 |
_aMéxico _bUNAM. Instituto de Investigaciones Históricas _c1970 |
||
| 300 |
_a263 p. _c24 cm. |
||
| 440 | 0 |
_aSerie de Historia Moderna y Contemporanea _v9 _94540 |
|
| 500 | _aIncluye índice onomástico y apéndice: La Guerra de México según los mexicanos | ||
| 504 | _aBibliografía : p. [241]-257. | ||
| 651 | 4 |
_aMéxico _xHistoria _yIntervención europea, 1861-1867 _9758 |
|
| 942 |
_2lcc _cB |
||
| 999 |
_c1250 _d1250 |
||